Geographie Österreichs auf einer Karte - Statistiken

Allgemein
  • Dieses Quiz wurde 230 mal gespielt
  • Das Durchschnittsergebnis liegt bei 36 aus 46
Antworten auf der Karte
Die Antworten werden auf der Karte rot bzw. grün angezeigt, abhängig davon wie oft sie richtig erraten wurden.
 
Antwortstatistiken
Art Antwort % Korrekt
States Wien
99%
State Capitals Wien
99%
States Salzburg
98%
State Capitals Salzburg
98%
Recognized Languages Standarddeutsch
98%
Bordering Countries Deutschland
96%
Bordering Countries Italien
96%
Bordering Countries Schweiz
96%
Bordering Countries Slowenien
96%
States Tirol
95%
Bordering Countries Tschechien
95%
States Kärnten
94%
States Oberösterreich
94%
Bordering Countries Ungarn
94%
States Burgenland
93%
Bordering Countries Slowakei
93%
Bordering Countries Liechtenstein
92%
States Niederösterreich
92%
State Capitals Graz
91%
State Capitals Innsbruck
91%
State Capitals Linz
90%
States Steiermark
89%
States Vorarlberg
88%
Bodies of Water Donau
84%
Miscellaneous Euro
84%
State Capitals Bregenz
81%
State Capitals Klagenfurt
80%
Regional Languages Burgenlandkroatisch
78%
Regional Languages Burgenland Ungarisch
78%
State Capitals Sankt Pölten
78%
Miscellaneous Großglockner
75%
Regional Languages Kärntner Slowenisch
75%
Bodies of Water Bodensee
73%
Recognized Languages Bairisch-Österreichisch
72%
State Capitals Eisenstadt
71%
Largest Cities Villach
69%
Largest Cities Dornbirn
60%
Largest Cities Wels
59%
Bodies of Water Neusiedler See
58%
Largest Cities Wiener Neustadt
58%
Largest Cities Feldkirch
56%
Largest Cities Steyr
51%
Recognized Languages Alemannisch
46%
Points of Interest Hoher Dachstein
23%
Points of Interest Wachau
20%
Points of Interest Stift Admont
3%
Keine übereinstimmenden Quizze gefunden
Verteilung der Resultate
Anzahl Personen mit jedem Resultat
Perzentil nach korrekt beantworteten Fragen
Ihre Resultats-Entwicklung
Sie haben dieses Quiz noch nicht gespielt